<?xml version="1.0" encoding="UTF-8"?>
<record
    xmlns:xsi="http://www.w3.org/2001/XMLSchema-instance"
    xsi:schemaLocation="http://www.loc.gov/MARC21/slim http://www.loc.gov/standards/marcxml/schema/MARC21slim.xsd"
    xmlns="http://www.loc.gov/MARC21/slim">

  <leader>00630nam a22001337a 4500</leader>
  <datafield tag="040" ind1=" " ind2=" ">
    <subfield code="c">RUA</subfield>
  </datafield>
  <datafield tag="082" ind1=" " ind2=" ">
    <subfield code="a">AED TAN 2015 B553 Or.1</subfield>
  </datafield>
  <datafield tag="100" ind1=" " ind2=" ">
    <subfield code="a">TANG TUN; &#x1791;&#x1784; &#x1791;&#x1793;&#x17CB;</subfield>
  </datafield>
  <datafield tag="245" ind1=" " ind2=" ">
    <subfield code="a">The study on households livelihood in basedth commune, basedth district, kampong speu province; &#x1780;&#x17B6;&#x179A;&#x179F;&#x17B7;&#x1780;&#x17D2;&#x179F;&#x17B6;&#x17A2;&#x17C6;&#x1796;&#x17B8;&#x1780;&#x1798;&#x17D2;&#x179A;&#x17B7;&#x178F;&#x1787;&#x17B8;&#x179C;&#x1797;&#x17B6;&#x1796;&#x179A;&#x179F;&#x17CB;&#x1793;&#x17C5;&#x179A;&#x1794;&#x179F;&#x17CB;&#x1794;&#x17D2;&#x179A;&#x1787;&#x17B6;&#x1787;&#x1793;&#x1793;&#x17C5;&#x1783;&#x17BB;&#x17C6;&#x1794;&#x179A;&#x179F;&#x17C1;&#x178A;&#x17D2;&#x178B; &#x179F;&#x17D2;&#x179A;&#x17BB;&#x1780;&#x1794;&#x179A;&#x179F;&#x17C1;&#x178A;&#x17D2;&#x178B; &#x1781;&#x17C1;&#x178F;&#x17D2;&#x178F;&#x1780;&#x17C6;&#x1796;&#x1784;&#x17CB;&#x179F;&#x17D2;&#x1796;&#x17BA;</subfield>
  </datafield>
  <datafield tag="260" ind1=" " ind2=" ">
    <subfield code="a">Phnom Penh</subfield>
    <subfield code="b">RUA</subfield>
    <subfield code="c">2015</subfield>
  </datafield>
  <datafield tag="300" ind1=" " ind2=" ">
    <subfield code="a">x; 44p;</subfield>
    <subfield code="b">ill;</subfield>
    <subfield code="c">29cm;</subfield>
  </datafield>
  <datafield tag="856" ind1=" " ind2=" ">
    <subfield code="u"> TANG TUN</subfield>
  </datafield>
  <datafield tag="942" ind1=" " ind2=" ">
    <subfield code="c">AED</subfield>
  </datafield>
  <datafield tag="999" ind1=" " ind2=" ">
    <subfield code="c">11745</subfield>
    <subfield code="d">11745</subfield>
  </datafield>
  <datafield tag="952" ind1=" " ind2=" ">
    <subfield code="0">0</subfield>
    <subfield code="1">0</subfield>
    <subfield code="2">ddc</subfield>
    <subfield code="4">0</subfield>
    <subfield code="6">AED_TAN_2015_000000000000000_B553_OR_1</subfield>
    <subfield code="7">0</subfield>
    <subfield code="9">60247</subfield>
    <subfield code="a">LBB</subfield>
    <subfield code="b">LBB</subfield>
    <subfield code="c">B553</subfield>
    <subfield code="d">2017-08-06</subfield>
    <subfield code="o">AED TAN 2015 B553 Or.1</subfield>
    <subfield code="p">A08092</subfield>
    <subfield code="r">2017-08-06</subfield>
    <subfield code="w">2017-08-06</subfield>
    <subfield code="y">AED</subfield>
  </datafield>
  <datafield tag="952" ind1=" " ind2=" ">
    <subfield code="0">0</subfield>
    <subfield code="1">0</subfield>
    <subfield code="2">ddc</subfield>
    <subfield code="4">0</subfield>
    <subfield code="6">AED_TAN_2015_000000000000000_B553_OR_2</subfield>
    <subfield code="7">0</subfield>
    <subfield code="9">60248</subfield>
    <subfield code="a">LBB</subfield>
    <subfield code="b">LBB</subfield>
    <subfield code="c">B553</subfield>
    <subfield code="d">2017-08-06</subfield>
    <subfield code="o">AED TAN 2015 B553 Or.2</subfield>
    <subfield code="p">A08023</subfield>
    <subfield code="r">2017-08-06</subfield>
    <subfield code="w">2017-08-06</subfield>
    <subfield code="y">AED</subfield>
  </datafield>
  <datafield tag="952" ind1=" " ind2=" ">
    <subfield code="0">0</subfield>
    <subfield code="1">0</subfield>
    <subfield code="2">ddc</subfield>
    <subfield code="4">0</subfield>
    <subfield code="6">AED_TAN_2015_000000000000000_B553_OR_3</subfield>
    <subfield code="7">0</subfield>
    <subfield code="9">60249</subfield>
    <subfield code="a">LBB</subfield>
    <subfield code="b">LBB</subfield>
    <subfield code="c">B553</subfield>
    <subfield code="d">2017-08-06</subfield>
    <subfield code="o">AED TAN 2015 B553 Or.3</subfield>
    <subfield code="p">A13179</subfield>
    <subfield code="r">2017-08-06</subfield>
    <subfield code="w">2017-08-06</subfield>
    <subfield code="y">AED</subfield>
  </datafield>
  <datafield tag="952" ind1=" " ind2=" ">
    <subfield code="0">0</subfield>
    <subfield code="1">0</subfield>
    <subfield code="2">ddc</subfield>
    <subfield code="4">0</subfield>
    <subfield code="6">AED_TAN_2015_000000000000000_B553_OR_4</subfield>
    <subfield code="7">0</subfield>
    <subfield code="9">60250</subfield>
    <subfield code="a">LBB</subfield>
    <subfield code="b">LBB</subfield>
    <subfield code="c">B553</subfield>
    <subfield code="d">2017-08-06</subfield>
    <subfield code="o">AED TAN 2015 B553 Or.4</subfield>
    <subfield code="p">A08001</subfield>
    <subfield code="r">2017-08-06</subfield>
    <subfield code="w">2017-08-06</subfield>
    <subfield code="y">AED</subfield>
  </datafield>
  <datafield tag="952" ind1=" " ind2=" ">
    <subfield code="0">0</subfield>
    <subfield code="1">0</subfield>
    <subfield code="2">ddc</subfield>
    <subfield code="4">0</subfield>
    <subfield code="6">AED_TAN_2015_000000000000000_B553_OR_5</subfield>
    <subfield code="7">0</subfield>
    <subfield code="9">60251</subfield>
    <subfield code="a">LBB</subfield>
    <subfield code="b">LBB</subfield>
    <subfield code="c">B553</subfield>
    <subfield code="d">2017-08-06</subfield>
    <subfield code="o">AED TAN 2015 B553 Or.5</subfield>
    <subfield code="p">A09103</subfield>
    <subfield code="r">2017-08-06</subfield>
    <subfield code="w">2017-08-06</subfield>
    <subfield code="y">AED</subfield>
  </datafield>
  <datafield tag="952" ind1=" " ind2=" ">
    <subfield code="0">0</subfield>
    <subfield code="1">0</subfield>
    <subfield code="2">ddc</subfield>
    <subfield code="4">0</subfield>
    <subfield code="6">AED_TAN_2015_000000000000000_B553_OR_6</subfield>
    <subfield code="7">0</subfield>
    <subfield code="9">60252</subfield>
    <subfield code="a">LBB</subfield>
    <subfield code="b">LBB</subfield>
    <subfield code="c">B553</subfield>
    <subfield code="d">2017-08-06</subfield>
    <subfield code="o">AED TAN 2015 B553 Or.6</subfield>
    <subfield code="p">A09259</subfield>
    <subfield code="r">2017-08-06</subfield>
    <subfield code="w">2017-08-06</subfield>
    <subfield code="y">AED</subfield>
  </datafield>
  <datafield tag="952" ind1=" " ind2=" ">
    <subfield code="0">0</subfield>
    <subfield code="1">0</subfield>
    <subfield code="2">ddc</subfield>
    <subfield code="4">0</subfield>
    <subfield code="6">AED_TAN_2015_000000000000000_B553_OR_7</subfield>
    <subfield code="7">0</subfield>
    <subfield code="9">60253</subfield>
    <subfield code="a">LBB</subfield>
    <subfield code="b">LBB</subfield>
    <subfield code="c">B553</subfield>
    <subfield code="d">2017-08-06</subfield>
    <subfield code="o">AED TAN 2015 B553 Or.7</subfield>
    <subfield code="p">A11582</subfield>
    <subfield code="r">2017-08-06</subfield>
    <subfield code="w">2017-08-06</subfield>
    <subfield code="y">AED</subfield>
  </datafield>
  <datafield tag="952" ind1=" " ind2=" ">
    <subfield code="0">0</subfield>
    <subfield code="1">0</subfield>
    <subfield code="2">ddc</subfield>
    <subfield code="4">0</subfield>
    <subfield code="6">AED_TAN_2015_000000000000000_B553_OR_8</subfield>
    <subfield code="7">0</subfield>
    <subfield code="9">60254</subfield>
    <subfield code="a">LBB</subfield>
    <subfield code="b">LBB</subfield>
    <subfield code="c">B553</subfield>
    <subfield code="d">2017-08-06</subfield>
    <subfield code="o">AED TAN 2015 B553 Or.8</subfield>
    <subfield code="p">A09087</subfield>
    <subfield code="r">2017-08-06</subfield>
    <subfield code="w">2017-08-06</subfield>
    <subfield code="y">AED</subfield>
  </datafield>
</record>
